| 000 | 00560nam a2200157 i 4500 | ||
|---|---|---|---|
| 001 | 67937 | ||
| 003 | ES-MaACL | ||
| 005 | 20230906170156.0 | ||
| 007 | t| | ||
| 008 | 040216s1944 sp ||||1| spa d | ||
| 100 | 1 |
_aGallego Martínez, Angel. _953573 |
|
| 245 | 1 | 0 |
_aOrganización de los tribunales _b: obra adaptada al programa de oposiciones al secretariado de los tribunales / _cAngel Gallego Martínez. |
| 260 |
_a[Madrid : _bVictoriano Suárez, _c1944] ( _eAlmería : _fImp. Saturno) |
||
| 300 |
_a370 p. ; _c24 cm. |
||
| 852 |
_aES-MaACL _jF-16146 _bR.21006 |
||
| 999 |
_c67937 _d67937 |
||